| 000 | 00511nam a22001937a 4500 | ||
|---|---|---|---|
| 003 | OSt | ||
| 005 | 20180205184252.0 | ||
| 008 | 180205b xxu||||| |||| 00| 0 eng d | ||
| 020 | _a9789535103226 | ||
| 040 | _cDDC | ||
| 082 | _a620 SYS 2012 | ||
| 100 |
_aEdited by Boris, Cogan _912432 |
||
| 245 | _aSystems Engineering: practice and theory | ||
| 260 | _aCroatia; InTech, 2012 | ||
| 300 | _avi,354p; ill: 23cm | ||
| 504 | _aReferences included | ||
| 650 |
_aEngineering systems _912433 |
||
| 942 |
_2z _cB_BANK |
||
| 999 |
_c5991 _d5991 |
||